000 00462nam a22001577a 4500
003 SGT
020 _a9788184782493
082 _a343.710552,GUP
100 _aGUPTA,S.S.
245 _aSERVICE TEX
250 _a39TH
260 _aNEW DELHI
_bTAXMAN
_cCM831
300 _a1224
650 _aBASIC CONCEPTS,EXEMPTIONS & ABATEMENTS,EXPORT & IMPORT OF SERVICE,TAX INCIDENCE ON SPECIFIC SERVICE,SERVICE TAX ROCEDURES,CENVAT,APPEALS IN SERVICE TAX
942 _2ddc
_cFCM
999 _c9177
_d9177